000 00579nam a2200157Ia 4500
005 20250423101025.0
008 250422s9999 xx 000 0 und d
020 _a9780205883110
050 _aPE 1408 .R426/
100 _aReinking, James A.
245 0 _aStrategies for successful writing : a rhetoric, research guide, reader, and handbook
250 _a10th ed.
260 _c2014
650 _aEnglish language--Rhetoric--Handbooks, manuals, etc. English language--Grammar--Handbooks, manuals, etc. Report writing--Handbooks, manuals, etc. College readers.
942 _cBK
999 _c35053
_d35053